Score 0/7 Timer 03:00
2 Plays Today
Question Answer Wrong Answers
This famous St. Louis, Missouri, landmark is dedicated.
1968
Gateway Arch
89.7%
Mackinac Bridge
2.8%
Como Park Conservatory
2%
Busch Stadium
2.6%
This English actor, who has played many notable characters, like Gandalf and Magneto, is born.
1939
Ian McKellen
84.9%
Patrick Stewart
6.8%
Christopher Lee
3.9%
Peter Cushing
2%
John T. Scopes is indicted for teaching about this at a school in Tennessee.
1925
Evolution
82.8%
Creationism
7.1%
Communism
4.9%
Birth Control
4.3%
This man resigns as Lord Protector of England following the restoration of the Long Parliament, beginning a second brief period of the republican government called the Commonwealth of England.
1659
Richard Cromwell
79.5%
Charles II
11%
James II
6.9%
George Monck
2.4%
______ of Ohio State University breaks three world records and ties a fourth at the Big Ten Conference Track and Field Championships in Ann Arbor, Michigan.
1935
Jesse Owens
75.9%
Jim Thorpe
12.2%
Carl Lewis
7.9%
Michael Johnson
2.2%
The Chinese government removes a decade old ban on the work of this English poet and playwright, effectively ending the Cultural Revolution started in 1966.
1977
William Shakespeare
73.1%
Charles Dickens
5.1%
Edgar Allan Poe
4.7%
Oscar Wilde
13.8%
This talk show host airs their last show, ending the twenty-five-year run of ‘The ______ Show.’
2011
Oprah Winfrey
66.7%
Ricki Lake
2.6%
Maury Povich
3.7%
Jerry Springer
23.5%
Remove Ads.
Support Sporcle.
Get the best of Sporcle when you Go Orange. This ad-free experience offers more features, more stats, and more fun while also helping to support Sporcle. Thank you for becoming a member.

You're not logged in!

Compare scores with friends on all Sporcle quizzes.
OR
Log In

Show Comments

Extras

Top Quizzes Today


Score Distribution

Your Account Isn't Verified!

In order to create a playlist on Sporcle, you need to verify the email address you used during registration. Go to your Sporcle Settings to finish the process.

Report this User

Report this user for behavior that violates our Community Guidelines.

Details: